| 000 | 00390 a2200157 4500 | ||
|---|---|---|---|
| 020 | _a978850659891 | ||
| 022 | _a9781850659891 | ||
| 082 | _a954.91 | ||
| 090 |
_c6260 _d6260 |
||
| 100 | _aTalbot,Ian | ||
| 245 |
_aPakistan. _bA modern history. _cIan Talbot |
||
| 260 |
_aNew Delhi. _bFoundation books. _c2009. |
||
| 300 | _a523p. | ||
| 500 | _aPaper cover. | ||
| 942 |
_aNBS _cBK _k954.91 TAL |
||
| 999 |
_c348630 _d348630 |
||